000 00317nam a22001457a 4500
008 211012b ||||| |||| 00| 0 eng d
020 _a9780201507362
041 _aeng
080 _a004
082 _a004
100 _a28
101 _aSHKI
245 _aObject-Oriented Software
_cWinblad,A.L
942 _2udc
_cBK
999 _c58188
_d58188